Hãng thám tử tư /
Hai vợ chồng Beresford nảy ra ý định mở 1 văn phòng thám tử, bởi nhu cầu về điều tra rất lớn. 1 ông chồng cần điều tra xem vợ có bồ không. Hoặc ngược lại, 1 bà vợ nghi ngờ hành tung của chồng...
Spremljeno u:
| Glavni autor: | |
|---|---|
| Daljnji autori: | , |
| Format: | Knjiga |
| Jezik: | Vietnamese English |
| Izdano: |
Hà Nội :
Hội nhà văn,
2000.
|
| Teme: | |
| Oznake: |
Dodaj oznaku
Bez oznaka, Budi prvi tko označuje ovaj zapis!
|
| Thư viện lưu trữ: | Mạng thư viện Đại học Đà Nẵng |
|---|
| LEADER | 01262cam a2200373 i 4500 | ||
|---|---|---|---|
| 001 | 000046845 | ||
| 003 | 6353 | ||
| 005 | 20030911095303.0 | ||
| 008 | 010306b2000 vm 000 vie | ||
| 020 | |c 21000 | ||
| 040 | |a IRC |c IRC |d IRC | ||
| 041 | 1 | |a vie |h eng | |
| 082 | 1 | 4 | |a 823.087 |b CH-A |
| 100 | 1 | |a Christie, Agatha, |d 1890-1976. | |
| 245 | 0 | 0 | |a Hãng thám tử tư / |c Agatha Christie ; Phùng Đệ, Trần Nam Lương dịch. |
| 260 | |a Hà Nội : |b Hội nhà văn, |c 2000. | ||
| 300 | |a 222tr. ; |c 19cm. | ||
| 520 | 3 | |a Hai vợ chồng Beresford nảy ra ý định mở 1 văn phòng thám tử, bởi nhu cầu về điều tra rất lớn. 1 ông chồng cần điều tra xem vợ có bồ không. Hoặc ngược lại, 1 bà vợ nghi ngờ hành tung của chồng... | |
| 630 | 0 | 4 | |a Văn học Anh. |
| 630 | 0 | 4 | |a Tiểu thuyết trinh thám. |
| 630 | 0 | 4 | |a Agatha Christie. |
| 650 | 0 | 4 | |a Tiểu thuyết trinh thám. |
| 700 | 1 | |a Phùng Đệ, |e dịch. | |
| 700 | 1 | |a Trần Nam Lương, |e dịch. | |
| OWN | |a DUT | ||
| 999 | |a From the UDN01 | ||
| TYP | |a Monograph | ||
| TYP | |a Printed language | ||
| 980 | |a Mạng thư viện Đại học Đà Nẵng | ||